00364pab a2200133 454500008004000000100001900040245004500059260000900104300001400113362001100127650004100138650001700179773003400196180718b2007 xxu||||| |||| 00| 0 eng d aPrashant Kumar aThe state, goons, spectators and a rebel c2007 ap.279-80. a27 Jan aUniversities - India - Uttar Pradesh aUniversities aEconomic and Political Weekly